[Event "Seefeld op 12th"]
[Site "Seefeld"]
[Date "2001.09.17"]
[Round "3"]
[White "Stock, Juergen"]
[Black "Niedermayer, Anton"]
[Result "1-0"]
[WhiteElo "2053"]
[BlackElo "2157"]
[PlyCount "81"]
[EventDate "2001.09.15"]
[EventType "swiss"]
[EventRounds "9"]
[EventCountry "AUT"]
[SourceTitle "EXT 2002"]
[Source "ChessBase"]
[SourceDate "2001.11.25"]
[SourceVersion "1"]
[SourceVersionDate "2001.11.25"]
[SourceQuality "1"]

1. d4 d5 2. c3 Nf6 3. Bg5 c6 4. Nd2 Bf5 5. e3 Nbd7 6. f4 h6 7. Bh4 e6 8. Be2 Be7 9. Ngf3 Ng4 10. Bxe7 Qxe7 11. Nf1 Be4 12. h3 Ngf6 13. g4 Bxf3 14. Bxf3 Ne4 15. Bxe4 Qh4+ 16. Ke2 dxe4 17. Nd2 f5 18. Qb3 Ke7 19. Rag1 Rhg8 20. Qb4+ Kd8 21. Nc4 b5 22. Ne5 Kc7 23. Nf7 Nb6 24. Qd6+ Kb7 25. Qxe6 Raf8 26. Nd6+ Kc7 27. Nxf5 Qd8 28. Ne7 Rf6 29. Qe5+ Rd6 30. Nxg8 Qxg8 31. b3 Nd5 32. Rc1 Kd7 33. f5 Nf6 34. c4 a6 35. cxb5 axb5 36. Rc2 Qa8 37. Rhc1 Qa6 38. Kf2 Qa5 39. a4 Qb4 40. axb5 Qxb3 41. bxc6+ 1-0

[Event "Zillertal op"]
[Site "Zillertal"]
[Date "1997.??.??"]
[Round "1"]
[White "Niedermayer, Anton"]
[Black "Moosleitner, Hugo"]
[Result "1/2-1/2"]
[WhiteElo "2000"]
[BlackElo "1790"]
[PlyCount "85"]
[EventDate "1997.??.??"]
[EventType "swiss"]
[EventRounds "9"]
[EventCountry "AUT"]
[SourceTitle "EXT 1999"]
[Source "ChessBase"]
[SourceDate "1998.11.16"]
[SourceVersion "1"]
[SourceVersionDate "1998.11.16"]
[SourceQuality "1"]

1. e4 e6 2. d3 b6 3. Nf3 Bb7 4. g3 c5 5. Nbd2 Nc6 6. Bg2 Nge7 7. 0-0 Ng6 8. Re1 Qc7 9. a4 Be7 10. h4 Bf6 11. Nc4 d6 12. h5 Nge5 13. Nfxe5 dxe5 14. h6 0-0-0 15. hxg7 Bxg7 16. Bg5 Rdf8 17. a5 b5 18. a6 bxc4 19. axb7+ Qxb7 20. dxc4 Qxb2 21. Qd6 Qb6 22. Reb1 Rd8 23. Bxd8 Rxd8 24. Rxb6 Rxd6 25. Rb5 Bf8 26. Rxc5 Rd1+ 27. Rxd1 Bxc5 28. c3 Ba3 29. Rb1 Bc5 30. Bf1 Kc7 31. Bd3 Na5 32. Kf1 Nb7 33. Ke2 h6 34. Bc2 Bf8 35. Ra1 Kb6 36. Ba4 f5 37. exf5 exf5 38. Bd7 f4 39. gxf4 exf4 40. Kf3 Bg7 41. Kxf4 Bxc3 42. Rb1+ Kc7 43. Bg4 1/2-1/2

[Event "Wattens op 11th"]
[Site "Wattens"]
[Date "1996.??.??"]
[Round "6"]
[White "Niedermayer, Anton"]
[Black "Duer, Werner"]
[Result "1/2-1/2"]
[WhiteElo "2030"]
[BlackElo "2310"]
[PlyCount "109"]
[EventDate "1996.??.??"]
[EventType "swiss"]
[EventRounds "9"]
[EventCountry "AUT"]
[SourceTitle "EXT 2000"]
[Source "ChessBase"]
[SourceDate "1999.11.16"]
[SourceVersion "1"]
[SourceVersionDate "1999.11.16"]
[SourceQuality "1"]

1. c3 d5 2. d4 Nf6 3. h3 c5 4. Nf3 cxd4 5. cxd4 Nc6 6. Nc3 Bf5 7. Nh4 Bd7 8. e3 Rc8 9. Be2 e6 10. Nf3 Bd6 11. Bd3 0-0 12. e4 dxe4 13. Nxe4 Nxe4 14. Bxe4 Bb4+ 15. Kf1 Be7 16. g3 Bf6 17. Kg2 Na5 18. Qd3 g6 19. Bh6 Re8 20. Rac1 Bc6 21. Rhe1 Bxe4 22. Qxe4 Nc6 23. Be3 Qa5 24. a3 Qf5 25. Qxf5 gxf5 26. Rc5 b6 27. Rc3 Ne7 28. Rec1 Rxc3 29. Rxc3 Nd5 30. Rc6 Kf8 31. Kf1 Ke7 32. Ke2 Kd7 33. Rc2 h5 34. h4 Rg8 35. Rc1 Bg7 36. Ne1 Bf8 37. Nd3 Bd6 38. Kf3 Rg4 39. Ne5+ Bxe5 40. dxe5 Re4 41. Bf4 Rd4 42. Be3 Rd3 43. Re1 Rb3 44. Re2 Ke7 45. Rc2 f6 46. exf6+ Kxf6 47. Ke2 f4 48. gxf4 Kf5 49. Kf3 Nxf4 50. Rc7 Ng6 51. Rf7+ Ke5 52. Kg3 Rxb2 53. Rxa7 Rb3 54. Rh7 Rxa3 55. Rxh5+ 1/2-1/2

[Event "Wattens op 11th"]
[Site "Wattens"]
[Date "1996.??.??"]
[Round "2"]
[White "Niedermayer, Anton"]
[Black "Haba, Petr"]
[Result "0-1"]
[WhiteElo "2030"]
[BlackElo "2485"]
[PlyCount "40"]
[EventDate "1996.??.??"]
[EventType "swiss"]
[EventRounds "9"]
[EventCountry "AUT"]
[SourceTitle "EXT 2000"]
[Source "ChessBase"]
[SourceDate "1999.11.16"]
[SourceVersion "1"]
[SourceVersionDate "1999.11.16"]
[SourceQuality "1"]

1. c4 e6 2. Nc3 d5 3. cxd5 exd5 4. d4 c6 5. Nf3 Bd6 6. g3 Nf6 7. Bg2 0-0 8. 0-0 Re8 9. Re1 h6 10. a4 a5 11. Qd3 Na6 12. e4 Nb4 13. Qb1 dxe4 14. Ne5 Bf5 15. f4 Nd3 16. Re2 Bc7 17. Bxe4 Bxe4 18. Nxe4 Qxd4+ 19. Be3 Qxe4 20. Qxd3 Rxe5 0-1

[Event "Wattens op 10th"]
[Site "Wattens"]
[Date "1995.??.??"]
[Round "?"]
[White "Gerhold, Michael"]
[Black "Niedermayer, Anton"]
[Result "1/2-1/2"]
[WhiteElo "2240"]
[BlackElo "2035"]
[PlyCount "46"]
[EventDate "1995.??.??"]
[EventType "swiss"]
[EventRounds "9"]
[EventCountry "AUT"]
[SourceTitle "EXT 2000"]
[Source "ChessBase"]
[SourceDate "1999.11.16"]
[SourceVersion "1"]
[SourceVersionDate "1999.11.16"]
[SourceQuality "1"]

1. e4 c6 2. c4 d5 3. exd5 cxd5 4. cxd5 Nf6 5. Nc3 g6 6. Bc4 Bg7 7. Nge2 0-0 8. 0-0 Nbd7 9. d3 Nb6 10. Qb3 Bg4 11. f3 Bd7 12. a4 Rc8 13. a5 Nxc4 14. dxc4 Qc7 15. Be3 Qxc4 16. Qxc4 Rxc4 17. Bxa7 Rfc8 18. Rfd1 Ne8 19. Ra2 Nd6 20. Bd4 Bh6 21. Kf2 Nf5 22. Bb6 Kf8 23. g3 Rb4 1/2-1/2

[Event "Wattens op 09th"]
[Site "Wattens"]
[Date "1994.??.??"]
[Round "7"]
[White "Niedermayer, Anton"]
[Black "Wachinger, Guenther"]
[Result "0-1"]
[WhiteElo "1995"]
[BlackElo "2300"]
[PlyCount "60"]
[EventDate "1994.??.??"]
[EventType "swiss"]
[EventRounds "9"]
[EventCountry "AUT"]
[SourceTitle "EXT 2000"]
[Source "ChessBase"]
[SourceDate "1999.11.16"]
[SourceVersion "1"]
[SourceVersionDate "1999.11.16"]
[SourceQuality "1"]

1. c4 Nf6 2. Nc3 c5 3. g3 e6 4. Bg2 d5 5. cxd5 exd5 6. d4 cxd4 7. Qxd4 Nc6 8. Qd1 d4 9. Nb1 Be7 10. Nf3 0-0 11. 0-0 Be6 12. b3 Qd7 13. Bb2 Rfd8 14. Na3 Rac8 15. Rc1 Bf5 16. Nc4 Bc5 17. Nce5 Qd6 18. Nc4 Qe7 19. Ne1 Nb4 20. Ra1 b5 21. Nd2 Nfd5 22. Ndf3 Nc3 23. Qd2 Nbxa2 24. Rxa2 Nxa2 25. Nxd4 Bxd4 26. Bxd4 Nc3 27. e3 b4 28. Nf3 Be4 29. Ra1 Nb5 30. Qe2 Qb7 0-1

[Event "Seefeld op 04th"]
[Site "Seefeld"]
[Date "1993.??.??"]
[Round "5"]
[White "Born, Mario"]
[Black "Niedermayer, Anton"]
[Result "1-0"]
[WhiteElo "2220"]
[BlackElo "1950"]
[PlyCount "95"]
[EventDate "1993.09.??"]
[EventType "swiss"]
[EventRounds "9"]
[EventCountry "AUT"]
[SourceTitle "EXT 2000"]
[Source "ChessBase"]
[SourceDate "1999.11.16"]
[SourceVersion "1"]
[SourceVersionDate "1999.11.16"]
[SourceQuality "1"]

1. d4 d5 2. Nf3 Nf6 3. g3 g6 4. Bg2 Bg7 5. c4 dxc4 6. Qa4+ Nbd7 7. Nc3 0-0 8. Qxc4 Nb6 9. Qd3 c6 10. 0-0 Be6 11. b3 Qc8 12. Ba3 Re8 13. Ng5 Bd7 14. Rac1 h6 15. Nf3 Bh3 16. e4 Bxg2 17. Kxg2 Qg4 18. h3 Qd7 19. Ne5 Qd8 20. Ne2 Nbd7 21. f4 e6 22. Nc4 Bf8 23. Nd6 Bxd6 24. Bxd6 Nb6 25. Ba3 Qd7 26. Qe3 Kh7 27. Bb2 Ng8 28. Qc3 f6 29. Rcd1 Rad8 30. Nc1 Qg7 31. Nd3 f5 32. Nc5 fxe4 33. Nxe4 Nd5 34. Qf3 Ngf6 35. Rfe1 Nxe4 36. Rxe4 Qf6 37. Rde1 Kg7 38. Qe2 Kf7 39. g4 Rd7 40. Kh2 Rde7 41. g5 Qf5 42. Rf1 Kg7 43. Re5 Qf7 44. gxh6+ Kxh6 45. Ba3 Qf6 46. Bxe7 Rxe7 47. Qg4 b6 48. h4 1-0

[Event "Seefeld op 04th"]
[Site "Seefeld"]
[Date "1993.??.??"]
[Round "1"]
[White "Casagrande, Harald"]
[Black "Niedermayer, Anton"]
[Result "1-0"]
[WhiteElo "2395"]
[BlackElo "1950"]
[PlyCount "125"]
[EventDate "1993.09.??"]
[EventType "swiss"]
[EventRounds "9"]
[EventCountry "AUT"]
[SourceTitle "EXT 2000"]
[Source "ChessBase"]
[SourceDate "1999.11.16"]
[SourceVersion "1"]
[SourceVersionDate "1999.11.16"]
[SourceQuality "1"]

1. Nf3 Nf6 2. c4 c5 3. Nc3 Nc6 4. g3 g6 5. Bg2 Bg7 6. 0-0 0-0 7. d4 cxd4 8. Nxd4 Nxd4 9. Qxd4 d6 10. Qd3 Nd7 11. b3 Ne5 12. Qe3 Nc6 13. Rd1 Qa5 14. Bb2 Be6 15. Qd2 Rfe8 16. Rac1 Rac8 17. Qc2 a6 18. Na4 Bxb2 19. Qxb2 Ne5 20. c5 Ng4 21. h3 Nh6 22. Qd2 Qxd2 23. Rxd2 b5 24. Nb2 Rxc5 25. Rxc5 dxc5 26. Rc2 c4 27. bxc4 bxc4 28. Bb7 Rb8 29. Bxa6 c3 30. Na4 Ra8 31. Nc5 Bxh3 32. Rxc3 Bc8 33. Bxc8 Rxc8 34. a4 Nf5 35. Ne4 Ra8 36. Ra3 Nd4 37. e3 Nc2 38. Rc3 Nb4 39. Ra3 Nc2 40. Rc3 Nb4 41. Rc4 Nd5 42. Rd4 e6 43. Kf1 Kg7 44. Ke1 h6 45. Kd2 Nb6 46. Nc3 h5 47. Rb4 Nd5 48. Nxd5 exd5 49. Kc3 g5 50. Rd4 Kf6 51. Kb4 Ke6 52. a5 Rh8 53. a6 h4 54. gxh4 gxh4 55. Ka5 h3 56. a7 h2 57. Rd1 Kd7 58. Kb6 Rh6+ 59. Kb5 Rh8 60. Rh1 Kc7 61. Rxh2 Re8 62. Rh7 Re7 63. a8Q 1-0

[Event "Wattens op 08th"]
[Site "Wattens"]
[Date "1993.??.??"]
[Round "?"]
[White "Laube, Bernhard"]
[Black "Niedermayer, Anton"]
[Result "1-0"]
[WhiteElo "2245"]
[BlackElo "1950"]
[PlyCount "71"]
[EventDate "1993.??.??"]
[EventType "swiss"]
[EventRounds "9"]
[EventCountry "AUT"]
[SourceTitle "EXT 2000"]
[Source "ChessBase"]
[SourceDate "1999.11.16"]
[SourceVersion "1"]
[SourceVersionDate "1999.11.16"]
[SourceQuality "1"]

1. d4 d5 2. Nf3 Nf6 3. c4 c6 4. Nc3 g6 5. Bf4 Bg7 6. e3 0-0 7. h3 Nbd7 8. cxd5 Nxd5 9. Bh2 Qa5 10. Qd2 N7f6 11. Be2 Bf5 12. Be5 Nxc3 13. Qxc3 Qb6 14. 0-0 Ne4 15. Qa3 Rfe8 16. Bc4 Bxe5 17. Nxe5 Nd6 18. Bb3 Kg7 19. f3 f6 20. Ng4 Bxg4 21. hxg4 Nb5 22. Qb4 e5 23. a4 a5 24. Qc5 Qxc5 25. dxc5 Nc7 26. Rfd1 Red8 27. Bc4 Nd5 28. Kf2 h6 29. Rd2 Kf8 30. Rad1 Ke7 31. Bxd5 Rxd5 32. Rxd5 cxd5 33. Rxd5 Ke6 34. Rd6+ Ke7 35. Rb6 Ra6 36. Rxb7+ 1-0

[Event "Seefeld op 04th"]
[Site "Seefeld"]
[Date "1993.??.??"]
[Round "8"]
[White "Niedermayer, Anton"]
[Black "Engel, Karsten"]
[Result "1-0"]
[WhiteElo "1950"]
[BlackElo "1805"]
[PlyCount "91"]
[EventDate "1993.09.??"]
[EventType "swiss"]
[EventRounds "9"]
[EventCountry "AUT"]
[SourceTitle "EXT 2000"]
[Source "ChessBase"]
[SourceDate "1999.11.16"]
[SourceVersion "1"]
[SourceVersionDate "1999.11.16"]
[SourceQuality "1"]

1. c4 Nf6 2. Nc3 e6 3. Nf3 c5 4. d4 d5 5. cxd5 Nxd5 6. e4 Nxc3 7. bxc3 cxd4 8. cxd4 Nc6 9. Be2 Bb4+ 10. Bd2 Qa5 11. Bxb4 Qxb4+ 12. Qd2 b6 13. a3 Qxd2+ 14. Kxd2 0-0 15. Rac1 Bb7 16. Bb5 Na5 17. Ke3 Rac8 18. Nd2 Rfd8 19. f3 Kf8 20. g4 Ke7 21. h4 Kd6 22. Rhd1 Rxc1 23. Rxc1 Rc8 24. e5+ Ke7 25. Rxc8 Bxc8 26. Ne4 Bd7 27. Bd3 Nb7 28. Nc3 h6 29. Be4 Na5 30. Bd3 Nb7 31. h5 Na5 32. f4 Nc6 33. f5 Nb8 34. d5 exd5 35. Nxd5+ Kf8 36. Ke4 Nc6 37. Bc4 Ne7 38. Nc7 Bc6+ 39. Kf4 Ng8 40. e6 fxe6 41. Nxe6+ Ke8 42. Nxg7+ Kf8 43. Ne6+ Ke8 44. Nd4 Ne7 45. Nxc6 Nxc6 46. Bb5 1-0

[Event "Seefeld op 04th"]
[Site "Seefeld"]
[Date "1993.??.??"]
[Round "7"]
[White "Ruhle, Ernst Albrecht"]
[Black "Niedermayer, Anton"]
[Result "0-1"]
[WhiteElo "1685"]
[BlackElo "1950"]
[PlyCount "58"]
[EventDate "1993.09.??"]
[EventType "swiss"]
[EventRounds "9"]
[EventCountry "AUT"]
[SourceTitle "EXT 2000"]
[Source "ChessBase"]
[SourceDate "1999.11.16"]
[SourceVersion "1"]
[SourceVersionDate "1999.11.16"]
[SourceQuality "1"]

1. b4 a5 2. b5 d5 3. a4 e5 4. Bb2 f6 5. e3 Ne7 6. Be2 Ng6 7. Nf3 c5 8. d3 Be7 9. 0-0 0-0 10. c4 dxc4 11. dxc4 Be6 12. Nc3 Nd7 13. Qc2 f5 14. Rfd1 e4 15. Ne1 Qe8 16. Nd5 Rc8 17. Qc3 Qf7 18. Qxa5 f4 19. Qc3 fxe3 20. Qxe3 Bg5 21. f4 Nxf4 22. Qxe4 Nxd5 23. Nf3 N5f6 24. Qxb7 Be3+ 25. Kh1 Ng4 26. Rf1 Qh5 27. Qe4 Rce8 28. Qb7 Rxf3 29. h3 Rxh3+ 0-1

[Event "Wattens op 08th"]
[Site "Wattens"]
[Date "1993.??.??"]
[Round "?"]
[White "Wilfling, Hermann"]
[Black "Niedermayer, Anton"]
[Result "1/2-1/2"]
[WhiteElo "2140"]
[BlackElo "1950"]
[PlyCount "68"]
[EventDate "1993.??.??"]
[EventType "swiss"]
[EventRounds "9"]
[EventCountry "AUT"]
[SourceTitle "EXT 2000"]
[Source "ChessBase"]
[SourceDate "1999.11.16"]
[SourceVersion "1"]
[SourceVersionDate "1999.11.16"]
[SourceQuality "1"]

1. e4 c6 2. d4 d5 3. Nd2 dxe4 4. Nxe4 Bf5 5. Ng3 Bg6 6. Nf3 Nd7 7. Bd3 Bxd3 8. Qxd3 Ngf6 9. 0-0 g6 10. c4 Bg7 11. Bg5 0-0 12. Rad1 Qc7 13. Rfe1 h6 14. Bc1 e6 15. h3 Rad8 16. Qc2 Rfe8 17. b3 e5 18. Nxe5 Nxe5 19. Rxe5 Rxe5 20. dxe5 Rxd1+ 21. Qxd1 Qxe5 22. Be3 b6 23. Qd4 Qe7 24. Qf4 c5 25. Qf3 Kh7 26. Qc6 Qd7 27. Qxd7 Nxd7 28. Kf1 Be5 29. Ne2 f5 30. f3 g5 31. Nc1 f4 32. Bf2 Kg6 33. Ke2 Kf5 34. Nd3 Bd6 1/2-1/2